书目信息 |
| 题名: |
老兵讲述
|
|
| 作者: | 沈晓昭 , 韩淑芳 主编 | |
| 分册: | 4 | |
| 出版信息: | 北京 中国文史出版社 2016 |
|
| 页数: | 308页 | |
| 开本: | 24cm | |
| 丛书名: | ||
| 单 册: | ||
| 中图分类: | K265.210.6 | |
| 科图分类: | ||
| 主题词: | 抗日战争--kang ri zhan zheng--中国--史料 | |
| 电子资源: | ||
| ISBN: | 978-7-5034-6627-4 | |
| 000 | 00856nam0 2200253 450 | |
| 001 | 2133107735 | |
| 005 | 20211026095400.14 | |
| 010 | @a978-7-5034-6627-4@dCNY39.00 | |
| 100 | @a20160226d2016 em y0chiy50 ea | |
| 101 | 0 | @achi |
| 102 | @aCN@b110000 | |
| 105 | @ay z 000yy | |
| 106 | @ar | |
| 200 | 1 | @a老兵讲述@Alao bing jiang shu@h4@f沈晓昭,韩淑芳主编 |
| 210 | @a北京@c中国文史出版社@d2016 | |
| 215 | @a308页@d24cm | |
| 300 | @a抗战:刻骨铭心的记忆/沈晓昭,韩淑芳主编 | |
| 330 | @a本书收录了抗战期间西北军、东北军、晋绥军中一些基层老兵的回忆性文章90余篇。这些文章均为其所亲历抗战事件的忆述。 | |
| 606 | 0 | @a抗日战争@Akang ri zhan zheng@y中国@j史料 |
| 690 | @aK265.210.6@v5 | |
| 701 | 0 | @a沈晓昭@Ashen xiao zhao@4主编 |
| 701 | 0 | @a韩淑芳@Ahan shu fang@4主编 |
| 801 | 0 | @aCN@b百万庄@c20211025 |
| 905 | @b1312198-2200@dK265.210.6@e163:4@f3 | |
| 老兵讲述.4/沈晓昭,韩淑芳主编.-北京:中国文史出版社,2016 |
| 308页;24cm |
| 抗战:刻骨铭心的记忆/沈晓昭,韩淑芳主编 |
| ISBN 978-7-5034-6627-4:CNY39.00 |
| 本书收录了抗战期间西北军、东北军、晋绥军中一些基层老兵的回忆性文章90余篇。这些文章均为其所亲历抗战事件的忆述。 |
| ● |
| 相关链接 |
|
|
|
|
正题名:老兵讲述
索取号:K265.210.6/163:4
 
预约/预借
| 序号 | 登录号 | 条形码 | 馆藏地/架位号 | 状态 | 备注 |
| 1 | 1312198 | 213121986 | 第二样本阅览室/ [索取号:K265.210.6/163:4] | 在馆 | |
| 2 | 1312199 | 213121995 | 第二借阅区/ [索取号:K265.210.6/163:4] | 在馆 | |
| 3 | 1312200 | 213122002 | 第二借阅区/ [索取号:K265.210.6/163:4] | 在馆 |